01020cam a2200277 a 4500001000700000003000900007005001700016008004100033010001700074020002600091020002200117040002100139043001200160050002200172082001700194100004600211245004900257260004700306300003400353500006300387504006400450651003400514651002600548700007200574856009600646589899BDDh-ASL20231015025718.0900830s1990 enkb b 001 0 eng c a 90190778  a0297797204 :c£20.00 a0297797212 (pbk.) aMHcMHdBDDh-ASL aa-ja---00aDS881b.B43 1990b00a952220bBEM1 aBeasley, W. G.q(William G.),d1919-2006.14aThe rise of modern Japan /cby W.G. Beasley. aLondon :bWeidenfeld and Nicolson,cc1990. avii, 306 p. :bmaps ;c23 cm. aBased in part on the author's The modern history of Japan. aIncludes bibliographical references (p. 284-289) and index. 0aJapanxHistoryy19th century. 0aJapanxHistoryy1868-1 aBeasley, W. G.q(William G.),d1919-2006.tModern history of Japan.423Contributor biographical informationuhttp://www.loc.gov/catdir/bios/orion051/90190778.html